Emory law journal

Bibliographic Details
Previous Title:Journal of public law (Online)
Corporate Author: Emory University. School of Law
Format: Electronic Journal
Language:English
Published: Atlanta, Ga. : Emory University School of Law
Subjects:
Online Access:Full text available from Research Library: 07/01/1997 to present

MARC

LEADER 00000nas a2200000 a 4500
001 ssj0004861
003 WaSeSS
005 20200512172242.0
006 m d
007 cr n
008 961111c19749999gauqr pss g 0 a0eng c
010 |a  2007228614 
022 |a 2163-324X  |y 0094-4076 
035 |a (WaSeSS)ssj0004861 
040 |a EMK  |b eng  |c EMK  |d OCLCQ  |d FPS  |d OCLCQ  |d DOS  |d RCJ  |d UV0  |d OCLCQ  |d DLC  |d OCLCQ  |d OCLCO  |d OCLCF  |d OCLCA  |d OCL  |d OCLCQ  |d OCLCO  |d OCLCA  |d UUM  |d OCLCO  |d VT2  |d OCLCO  |d WaSeSS 
042 |a pcc  |a nsdp 
043 |a n-us-ga 
050 1 4 |a K10  |b .O885 
082 1 0 |a 340  |2 14 
130 0 |a Emory law journal (Online) 
210 0 |a Emory law j.  |b (Online) 
222 0 |a Emory law journal  |b (Online) 
245 1 0 |a Emory law journal  |h [electronic resource]. 
246 1 3 |a Emory L.J. 
260 |a Atlanta, Ga. :  |b Emory University School of Law 
310 |a Quarterly 
362 1 |a Began with vol. 1, no. 1 (1952). 
506 |a License restrictions may limit access. 
538 |a Mode of access: World Wide Web. 
588 |a Description based on: Vol. 1, no. 1 (1952); title from journal home page (Hein online website, viewed Aug. 30, 2011). 
588 |a Latest issue consulted: Vol. 60, no. 5 (2010). 
650 0 |a Law reviews  |z Georgia. 
650 0 |a Law  |v Periodicals. 
650 7 |a Law.  |2 fast  |0 (OCoLC)fst00993678 
650 7 |a Law reviews.  |2 fast  |0 (OCoLC)fst00994120 
651 7 |a Georgia.  |2 fast  |0 (OCoLC)fst01204622 
655 0 |a Electronic journals. 
710 2 |a Emory University.  |b School of Law. 
776 0 8 |i Print version:  |t Emory law journal  |x 0094-4076  |w (DLC) 74644258  |w (OCoLC)1793671 
780 0 0 |t Journal of public law (Online)  |w (DLC) 2007228615  |w (OCoLC)50572874 
856 4 0 |z Full text available from Research Library: 07/01/1997 to present  |u https://search.proquest.com/publication/41650